000 00677nam a22001937a 4500
003 OSt
005 20251024063449.0
008 251024b |||||||| |||| 00| 0 eng d
020 _a978-621-427-286-0
040 _aDWC - Main Lib
_cOC
082 _aFil. 371.1 OR77l 2025
100 _aORTINERO-GALLARDO, BERNADETTE
245 _aLesson planning made easy
_cBernadette ORTINERO-GALLARDO
260 _aManila, Philippines:
_bUnlimited Books Library Services & Publishing Inc.,
_cc2025.
300 _aviii, 163 pages:
_billustrations;
_c23 cm.
504 _aIncludes bibliographical references.
650 _aEducation -- study and teaching.
942 _2ddc
_cBK - FIL
_kFil.
_n0
999 _c5114
_d5114